00472nam a2200145Ia 4500008004100000020001800041082001400059100003700073245003000110260001800140500001500158942000700173952013100180999001500311260604s9999 xx 000 0 und d a9781788823784 a158.1 HAH aCarmen hahn & chris kelly935678 0aOrganizational Psychology bEd-Tech Press aPsychology cBK 00104070aIIMVbIIMVcLOCKERd2026-06-04g17767.50l0o158.1 HAHp004120r2026-06-04 10:20:31v17767.50w2026-06-04yBKBHAH c8502d8502